Normal view
MARC view
- Manning, Mick,
Entry Nombre Personal
001 - NUMERO DE CONTROL
- campo de control: 37628
003 - IDENTIFICADOR DE NUMERO DE CONTROL
- campo de control: UPN
005 - FECHA Y HORA DE LA ÜLTIMA TRANSACCIÓN
- campo de control: 20210219194527.0
008 - DATOS DE LONGITUD FIJA
- campo de control de longitud fija: nabaccnnaabn|||||||||| b |nc|||||d
035 ## - NUMERO DE CONTROL
- Número de control: UPN11000009735
040 ## - FUENTE DE CATALOGACIÓN
- Lenguaje de catalogación: SPA
- Agencia de transcripción: UPN
100 1# - ENCABEZAMIENTO - NOMBRE PERSONAL
- Nombre personal: Manning, Mick,
- Fechas asociadas con el nombre: 1959-
670 ## - FUENTE EN LA QUE SE LOCALIZARON DATOS
- Cita de la fuente: LC/P
680 ## - NOTA PUBLICA DE ACCESO PÚBLICO
- Frase explicativa de la referencia: Artista británico, creador de libros para niños. Estudió diseño gráfico en la Universidad de Northumbria y la ilustración en el Royal College of Art
902 ## - CATALOGADOR
- Catalogador: MITM/080915
